Concise medical physilogy / (Record no. 101623)

MARC details
000 -LEADER
fixed length control field 00584nam a22002057a 4500
005 - DATE AND TIME OF LATEST TRANSACTION
control field 20160729152102.0
010 ## - LCCN (DPL NO)
LC control number ENG-115583
020 ## - INTERNATIONAL STANDARD BOOK NUMBER
International Standard Book Number 9788173818677
Terms of availability 150.00
035 ## - SYSTEM CONTROL NUMBER
System control number EN-99115
037 ## - SOURCE OF ACQUISITION
Source of stock number/acquisition DBAD/PUB
082 ## - DEWEY DECIMAL CLASSIFICATION NUMBER
Classification number 612.22
100 ## - MAIN ENTRY--PERSONAL NAME
Personal name Chaudhuri,Sujit k.
245 ## - TITLE STATEMENT
Title Concise medical physilogy /
Statement of responsibility, etc by Das,P.C.
250 ## - EDITION STATEMENT
Edition statement 7th ed.
260 ## - PUBLICATION, DISTRIBUTION, ETC. (IMPRINT)
Place of publication, distribution, etc New Delhi
Name of publisher, distributor, etc New Central Book Agency
Date of publication, distribution, etc 2016
270 ## - ADDRESS
Address 8/1,Chintamoni Das Lane
City Kolkata
Postal code 700009
300 ## - PHYSICAL DESCRIPTION
Extent 661p.:
Dimensions 26cm(pbk)
Other physical details ill
500 ## - GENERAL NOTE
General note Includes index
942 ## - ADDED ENTRY ELEMENTS (KOHA)
Source of classification or shelving scheme Dewey Decimal Classification
Item type English Books
Call number suffix CHA
Classification part 612.22
Holdings
Withdrawn status Lost status Not for loan Collection code Home library Current library Date acquired Source of acquisition Cost, normal purchase price Full call number Barcode Copy number Cost, replacement price Koha item type
    Not For Loan Non-fiction D.B.Act.Division Bawana 29/07/2016 DBAD/PUB 865.00 612.22 CHA EN-99115 1 865.00 English Books

© Delhi Public Library
Hit Counter
free hit counter